000 00720cam a2200253 4500500
005 20260329005247.0
041 _afre
042 _adc
100 1 0 _aLacroix, Alexandre
_eauthor
245 0 0 _aQui voudrait renoncer au reste de la vie ?
260 _c2023.
500 _a34
690 _aActivité
690 _aÂge
690 _aExpérience
690 _aJean Baudrillard
690 _aJeunesse
690 _aPierre-Henri Tavoillot
690 _aRetraite
690 _aTravail
690 _aVieillesse
786 0 _nPhilosophie magazine | 166 | 1 | 2023-02-01 | p. 8-8 | 1951-1787
856 4 1 _uhttps://shs.cairn.info/magazine-philosophie-magazine-2023-1-page-8?lang=fr&redirect-ssocas=7080
999 _c1841772
_d1841772